| 000 | 01874aab a2200433 a 4500 | ||
|---|---|---|---|
| 003 | AR-RoUNA | ||
| 008 | 140529||||||||||||||||| |||| 0|||| d | ||
| 022 | _a0210-2080 | ||
| 040 |
_aAR-RoUNA _bspa |
||
| 041 |
_aspa _aeng |
||
| 044 | _aag | ||
| 080 | _a72.036 | ||
| 092 | _lON58 | ||
| 245 | 1 | 3 |
_aOn Diseño / _nNº 166 |
| 260 |
_aBarcelona : _bOn Diseño, _c1996 |
||
| 300 |
_a195 p. : _bdib. _bfot. col. _bplantas _c29x24 cm |
||
| 505 | 0 | _tESPACIOS URBANOS | |
| 505 | 0 | _aBarba González José /Jardines de Santa Bárbara. Toledo. p. 88 | |
| 505 | 0 | _aPuebla Joan / Parque de la Riera. (Polinya. Barcelona). p. 98 | |
| 505 | 0 |
_tDISEÑO _aBallart Francesc. Tevar Grego / Joyería contemporánea.. p 106 |
|
| 505 | 0 | _tARQUITECTURA E INTERIORISMO DOMÉSTICOS | |
| 505 | 0 | _aMiralles y Tagliabue Benedetta/ Restauración de una casa antigua en Barcelona. p. 118 | |
| 505 | 0 | _aPuig Antoni. Juampere José / Apartamento en Barcelona. p. 136 | |
| 505 | 0 | _aSanvisens Carmina / Vivienda unifamiliar en Barcelona. p. 144 | |
| 505 | 0 | _aCorea Mario y Davis David/ Pent House en Saint Louis, Missouri. p. 152 | |
| 505 | 0 | _aSust Xavier y Teixidor Pepita/ Rehabilitación de una vivienda en la Nou de Gaia (Tarragona). p. 160 | |
| 505 | 0 | _tOFICINAS | |
| 505 | 0 | _aReestructuración de un edificio de oficinas en Madrid Rafael de la Hoz.. p. 172 | |
| 505 | 0 | _aMestre Octavio, arquitectos y asociados / Rehabilitación de un antiguo edificio comercial en Barcelona. Refuncionalización. p.188 | |
| 650 |
_aArquitectura contemporanea _912621 |
||
| 650 |
_aUrbanismo _95 |
||
| 700 | 1 |
_aLlopis, Carme _edrt _912622 |
|
| 773 |
_aOn Diseño _dBarcelona, AramEdiciones S.A. _gNº 166 (1995). p.195 _x0210-2080 |
||
| 908 | _aImp | ||
| 930 |
_c174 _e11442 |
||
| 942 |
_2udc _cART |
||
| 945 |
_aMBP _d2019-02-20 |
||
| 980 |
_86 _gMirna Bonanno Potro _66 _aMirna Bonanno Potro |
||
| 999 |
_c12124 _d12124 |
||